000 00713nas a2200241 4500
001 BR8303955
003 BR-BrBNA
005 20231205085631.0
007 ta
008 230509b bl.|||p| |||| 00| 00por d
040 _aBR-BrBNA
_bpor
_cBiblioteca Nacional de Agricultura
041 _a(Pt)
072 _aQ10
100 1 _aSilveira, G. de M. da
245 1 _aTecnica para secagem de produtos agricolas
650 _aSECAGEM ARTIFICIAL
650 _aPRESERVACAO DE ALIMENTO
650 _aMAQUINA AGRICOLA
650 _aSECADOR
773 0 _tRevista dos Criadores (Brazil)
_xISSN 0034-9259
_g(Apr 1983), v. 52(639) p. 34-36
_wBR8303955
909 _a202311
_bLúcia
_c55
_dLúcia Elande
942 _2AGRIS
_n0
_cANA
999 _c112680
_d112680